000 01206cam a22003497a 4500
003 CHAP
005 20220817040904.0
008 971013s1991 r 00010 d
010 _a2169
011 _a3141
035 _a2341
040 _cCHAP
090 _aTesis
100 0 0 _aOlvera Aránzolo, Humberto.
_983227
245 0 _aControl químico del tizón temprano Alternaria solani Jones Grout en jitomate Lycopersicum esculentum en Ocuituco, Mor.
260 _aChapingo, Méx. :
_bEl Autor,
_c1991
300 _a60 h.
502 _aTesis (Ing. Agr. Esp. en Parasitología Agrícola) -- UACH. Departamento de Parasitología Agrícola
590 _aALEPH
_b10
_c20130110
_lUCH01
_h1212
590 _aBATCH-UPD
_b10
_c20130110
_lUCH01
_h1119
590 _aBATCH-UPD
_b10
_c20130410
_lUCH01
_h0709
590 _aBATCH-UPD
_b10
_c20130914
_lUCH01
_h0302
590 _aCONVERSION
_b10
_c20130109
_lUCH01
_h1302
650 1 4 _aAlternaria solani.
650 1 4 _aFungicidas.
_944044
650 1 4 _aTomate
_xEnfermedades.
_9113711
650 1 4 _aTomate
_xMorelos.
_9113744
901 _aBK
942 _cFOLL
949 _bBC
_cTES
_d-11841
_eTS1
_h24444
_i2341
_si
949 _bBC
_cTES
_d-72470
_eTS2
_fc.2
_h24445
_i2341
_si
999 _c2169
_d2169